000 00594nam a22002297a 4500
003 UA-OsUOA
001 51953
007 ta
008 20080128b un ||||| |||| 00| 0 ukr d
100 _aКоваленко С.
090 _a82.09
_bК56
942 _cBK
040 _aUA-OsUOA
_bukr
_cUA-OsUOA
_dUA-OsUOA
245 _aПоэма как жанр литературы
300 _a110 с.
955 _a1
041 _aukr
080 _a82.09
260 _aМ.
_bЗнание
_c1982
650 7 _a82 Література. Літературознавство
_2UDC
999 _c338043
_d338043